El Patrimonio cultural en Europa y Latinoamřica

Bibliographic Details
Corporate Author: Instituto Nacional de Administracin̤ Pb︢lica (Espaą) (Editor)
Other Authors: Lp̤ez Ramn̤, Fernando (Editor literario)
Format: eBook
Language:Spanish
Published: Madrid : Instituto Nacional de Administracin̤ Pb︢lica, 2017
Subjects:
Online Access:Acceso restringido

MARC

LEADER 00000nam a22000004i 4500
005 20170929153048.0
007 cr |||||||||||
008 170714s2017 sp |||| o 000|0 spa|c
020 |a 9788473515665 
035 |a 20631 
040 |a ES-TaURV  |b cat  |e rda  |c ES-TaURV  |d vLex 
090 |c 7028  |d 7028 
245 0 3 |a El Patrimonio cultural en Europa y Latinoamřica  |h [Recurso electrn̤ico] /  |c Fernando Lp̤ez Ramn̤ (coordinador) 
256 |a Servicio en ln̕ea 
260 |a Madrid :  |b Instituto Nacional de Administracin̤ Pb︢lica,  |c 2017 
300 |a 1 recurso electrn̤ico 
504 |a Bibliografa̕ 
506 0 |a Contenido solo disponible en los productos indicados  |d vLex Global  |d vLex Global (Academic Edition, excluding Law Schools)  |d vLex Global (U.S. Academic Edition, Law Schools)  |d vLex Global (U.S. Academic Edition, excluding Law Schools)  |d vLex Global (Academic Edition, Law Schools) 
650 0 4 |a Patrimonio cultural  |z Europa 
650 0 4 |a Patrimonio cultural  |z Amřica Latina 
650 0 4 |a Derecho  |2 thub 
651 9 |a Europa  |2 thub 
651 9 |a Amřica Latina  |2 thub 
700 1 |a Lp̤ez Ramn̤, Fernando,  |e Editor literario 
710 2 |a Instituto Nacional de Administracin̤ Pb︢lica (Espaą),  |e Editor 
740 0 |a vLex Libros (Servicio en ln̕ea) 
856 4 0 |z Acceso restringido  |u http://vlex.com/source/patrimonio-cultural-europa-latinoamerica-20631 
942 |c BOOK 
999 0 |a Cultural property 
999 0 |a Law